02386nam a2200385 a 4500001001000000003000900010005001700019008004100036020001800077040002500095082001600120245021300136260007200349300004300421490005200464490003700516504002800553505042600581590002601007610010901033650006301142650007201205700002901277700005301306700005201359700005301411830006101464830004601525910003701571942001401608952012801622952011401750952011901864999001701983000045178DO-SdBNP20250227073850.0150206s2014 dr abc 000 0 spa d a9789945582079 aDO-SdBNPbspacBNPHU a737.4bE96t04aExposiciones temporales en el Museo Numismático y Filatélico :b2011-2014 /cpresentación Héctor Valdez Albizu ; edición José Alcántara Almanzar, Elvis Soto y Cynthia Patricia Goico de Pichardo. aSanto Domingo :bBanco Central de la República Dominicana,c2014. a215 p. :bil., mapas, retrs. ;c23 cm.1 aBanco Central de la República Dominicanav2011 aNumismática y filatélicav14 aBibliografía : p. 2040 aPresentación --tHéroes de la independencia de las américas en billetes y monedas --tBilletes y monedas del siglo XIX e inicios de la reforma monetaria --tLa medallística en la República Dominicana --tBicentenario del natalicio de Juan Pablo Duarte [1813-2013] --tHéroes de la restauración de la República Dominicana --tHomenaje a Mella --tColección del Banco Central de la República Dominicana. aInventariado, 2018/LP20aMuseo Numismático y Filatélico del Banco Central (Banco Central de la República Dominicana)956846 4aNumismáticaxExposicioneszRepública Dominicana973186 4aSellos (numismática)zRepública DominicanaxExposiciones97318712aSoto, Elvis,eed.91233812aGoico de Pichardo, Cynthia Patricia,eed.97318812aValdez Albizu, Héctor,d1947-epról.91232212aAlcántara Almánzar, Joséd1946-eed.97018 0aBanco Central de la República Dominicana ;n201973189 0aNumismática y filatélica ;n14973190 aValidado. Control de calidad MFF 2ddccLBS1 001054708DSaGRbGRcHDd2015-02-06iLF1l0o737.4 E96tp45178-30r2020-06-25te.3w2020-06-25yLFDSZPréstamo en sala 0010718PDaPDbPDcHDd2015-02-06iLF1l0o737.4 E96tp45178-10r2020-06-25w2020-06-25yLFPDZNo se presta 0010718PDaPDbPDcHDd2015-02-06iLF1l0o737.4 E96tp45178-20r2020-06-25te.2w2020-06-25yLFPDZNo se presta c44667d44667